=LDR 00000nam 2200000 4500 =001 INLIS000000000036209 =005 20190320021600 =035 ##$$a 0010-061300000036209 =008 190320###########################0###### =041 ##$$a Ind =082 ##$$a 361 =090 ##$$a 361, Dip =100 ##$$a Dipoyudo, Kirdi =245 1#$$a Keadilan Sosial =260 ##$:$b Rajawali Pers =300 ##$$a 199 hlm, 21 cm =850 ##$$a NBPNMAT =084 ##$$a 361 DIP k =990 ##$$a 00085270 =990 ##$$a 0001/BPAP-NTB/2015 =990 ##$$a 0001/BPAP-NTB/2016 =990 ##$$a 04940494 =990 ##$$a 30618158 =990 ##$$a 00085270 =990 ##$$a 0001/BPAP-NTB/2015 =990 ##$$a 0001/BPAP-NTB/2016 =990 ##$$a 00085270 =990 ##$$a 0001/BPAP-NTB/2015 =990 ##$$a 0001/BPAP-NTB/2016 =990 ##$$a 30618158